000 00397nam a2200157Ia 4500
008 210716s2009 xx 000 0 und d
020 _a9788131512296
041 _aeng
082 _a658.4012 PENM
100 _aPeng, Mike W.
245 _aInternational strategic management.
250 _a1
260 _aNew Delhi
_bCengage Learning
_c2009
300 _a429
650 _aStrategic Management
999 _c208417
_d208417